| 000 | 00608cab a2200217 4500 | ||
|---|---|---|---|
| 001 | ABS54830 | ||
| 008 | 090401t1996 xxu||||| |||| 00| 0 eng d | ||
| 035 | _a(Sirsi) u12430 | ||
| 041 | _aeng | ||
| 100 | _aO`Brien, J. | ||
| 245 | _aNew rules for set-aside transfer | ||
| 260 | _c1996 | ||
| 350 | _a0 | ||
| 490 |
_aCSM (Chartered Surveyor Monthly) _v5(6) March 1996, 35(1) |
||
| 520 | _aBriefly explains how to implement set-aside transfer options to another producer. Worked example. | ||
| 650 | _aFARMLAND | ||
| 650 | _aSET-ASIDE | ||
| 690 | _aRURAL PRACTICE | ||
| 942 | _n0 | ||
| 948 | _c04/03/1997 | ||
| 999 |
_c7943 _d7943 |
||